000 01910cam a2200349 a 4500
003 EG-GiCUC
005 20250223030916.0
008 131218s2013 ua dh f m 000 0 eng d
040 _aEG-GiCUC
_beng
_cEG-GiCUC
041 0 _aeng
049 _aDeposite
097 _aPh.D
099 _aCai01.11.15.Ph.D.2013.Ah.V
100 0 _aAhmed Mohamed Mahmoud Ibrahim
245 1 0 _aValidity of a new scoring system using transvaginal ultrasonography and color doppler flow imaging in evaluation of adnexal masses /
_cAhmed Mohamed Mahmoud Ibrahim ; Supervised Mohamed Hany Shehata , Dalal Anwar Elwy , Hazem Salah Eldin Elashmawy
246 1 5 _aصلاحية نظام التقييم الجديد لتورمات ملحقات الرحم باستخدام الموجات فوق الصوتية المهبلية و الدوبلر الملون
260 _aCairo :
_bAhmed Mohamed Mahmoud Ibrahim ,
_c2013
300 _a165 P. :
_bcharts , facsimiles ;
_c25cm
502 _aThesis (Ph.D.) - Cairo University - Faculty of Medicine - Department of Gynecology and Obstetrics
520 _aAdnexal masses are considered a group of the most common diseases in gynecology. Ovarian tumors, alone, represent two thirds of these cases. 2D ultrasound and CA 125 separately were the main diagnostic tools in provisional diagnosis of these adnexal masses. Now, morphological scoring systems can help in accurately predicting the nature of the mass with the help of pulsed wave doppler and ultrasonography
530 _aIssued also as CD
653 4 _aAdnexal masses
653 4 _aAlcazar scoring system
653 4 _aUltrasonography
700 0 _aDalal Anwar Elwy ,
_eSupervisor
700 0 _aHazem Salah Eldin Elashmawy ,
_eSupervisor
700 0 _aMohamed Hany Shehata ,
_eSupervisor
856 _uhttp://172.23.153.220/th.pdf
905 _aNazla
_eRevisor
905 _aSamia
_eCataloger
942 _2ddc
_cTH
999 _c44504
_d44504